000 00496nam a2200157 a 4500
001 000044120
005 20201002045148.0
008 140516s1961 sp 000 0 spa d
040 _aDO-SdBNP
_bspa
_cBNPHU
100 1 _aTierno Galván, Enrique
_d1918-1986
_972121
245 1 0 _aDesde el espectaculo a la trivialización /
_cEnrique Tierno Galván.
260 _aMadrid :
_bTaurus,
_c1961.
300 _a334 p. ;
_c22 cm.
490 1 _aEnsayistas de hoy
_v25
830 0 _aEnsayistas de hoy
_v25
_972122
999 _c43609
_d43609